| 000 | 00749nam a2200217 u 4500 | ||
|---|---|---|---|
| 005 | 20240228063905.0 | ||
| 008 | 071009s1999 mx r 000 0 spa d | ||
| 020 | _a8495150271 | ||
| 035 | _aUPN01000152726 | ||
| 049 | _aI | ||
| 050 | 4 |
_aPZ71 _bT4.5 |
|
| 100 | 1 | _aTeulade, Pascal | |
| 245 | 1 | 3 |
_aEl más bonito de todos los regalos del mundo / _cPascal Teulade ; il. de Jean-Charles Sarrazin ; tr. Anna Coll-Vinent. |
| 260 |
_aBarcelona, Esp. : _bCorimbo, _cc1999. |
||
| 300 |
_a29 p. : _bprincipalmente il. col. |
||
| 534 |
_pTítulo original: _tLe plus beau de tous les cadeaux du monde |
||
| 650 | 4 |
_aLibros y lectura para niños _92290 |
|
| 650 | 4 |
_aCuentos infantiles _96744 |
|
| 700 | 1 |
_aSarrazin, Jean-Charles, _eil. |
|
| 905 | _aInfantil | ||
| 999 |
_c124849 _d124849 |
||